书目信息 |
| 题名: |
地形图的应用
|
|
| 作者: | ;北京市地质地形勘测处 编 | |
| 分册: | ||
| 出版信息: | 北京 测绘出版社 1978 |
|
| 页数: | 53页 | |
| 开本: | 19cm | |
| 丛书名: | 农村科学实验丛书 | |
| 单 册: | ||
| 中图分类: | P289 | |
| 科图分类: | ||
| 主题词: | 地形图--应用 | |
| 电子资源: | ||
| ISBN: | 15039.新88 | |
| 000 | 00771oam2 2200253 450 | |
| 001 | 0178001276 | |
| 005 | 20100713171535.0 | |
| 010 | @a15039.新88@dCNY0.18 | |
| 091 | @a15039.新88@dCNY0.18 | |
| 100 | @a20080519d1978 em y0chiy0121 ea | |
| 101 | 0 | @achi |
| 102 | @aCN@b110000 | |
| 105 | @aa z 000yy | |
| 106 | @ar | |
| 200 | 1 | @a地形图的应用@9Di;De Xing Tu De;Di Ying Yong @f北京市地质地形勘测处编 |
| 210 | @a北京@c测绘出版社@d1978 | |
| 215 | @a53页@c图@d19cm | |
| 225 | 2 | @a农村科学实验丛书@9nong cun ke xue shi yan cong shu |
| 461 | 0 | @12001 @a农村科学实验丛书 |
| 606 | 0 | @a地形图@x应用 |
| 690 | @aP289@v4 | |
| 711 | 02 | @a北京市地质地形勘测处@9bei jing shi di zhi di xing kan ce chu@4编 |
| 801 | 0 | @aCN@bAzMarc@c20130904 |
| 905 | @aBZT@dP289@e1@f6@sP289/1 | |
| 地形图的应用/北京市地质地形勘测处编.-北京:测绘出版社,1978 |
| 53页:图;19cm.-(农村科学实验丛书) |
| ISBN 15039.新88:CNY0.18 |
| ● |
| 相关链接 |
|
|
|
正题名:地形图的应用
索取号:P289/1
 
预约/预借
| 序号 | 登录号 | 条形码 | 馆藏地/架位号 | 状态 | 备注 |
| 1 | 2000087841 | 2000087841 | 旧书回溯/ [索取号:P289/1] | 在馆 | |
| 2 | 2000099366 | 2000099366 | 旧书回溯/ [索取号:P289/1] | 在馆 | |
| 3 | 2000106481 | 2000106481 | 旧书回溯/ [索取号:P289/1] | 在馆 | |
| 4 | 2000109086 | 2000109086 | 旧书回溯/ [索取号:P289/1] | 在馆 | |
| 5 | 2000115849 | 2000115849 | 旧书回溯/ [索取号:P289/1] | 在馆 | |
| 6 | 2000115876 | 2000115876 | 旧书回溯/ [索取号:P289/1] | 在馆 |